000 00349nam a22001457a 4500
008 250417b ||||| |||| 00| 0 eng d
020 _a9789951057516
041 _aSHQIP
080 _22022
_a82CHE
082 _282CHE
_a82CHE
100 _a01
101 _aGJUHE DHE LETERSI
245 _aBURRI QE ISHTE E ENJTE
_cG.K.CHESTERTON
942 _2udc
_cBK
999 _c60648
_d60648